Statistics for F1 World Champions

Click here to take the quiz!

General Stats

  • This quiz has been taken 1,813 times
    (1,811 since last reset)
  • The average score is 50 of 66

Answer Stats

Year WonDriver% Correct
2008Lewis Hamilton
99%
2010 | 2011Sebastian Vettel
98%
1994 | 1995 | 2000 | +4 othersMichael Schumacher
97%
2005 | 2006Fernando Alonso
95%
1988 | 1990 | 1991Ayrton Senna
95%
2009Jenson Button
93%
1985 | 1986 | 1989 | 1993Alain Prost
88%
2007Kimi Räikkönen
86%
1975 | 1977 | 1984Niki Lauda
84%
1996Damon Hill
83%
1962 | 1968Graham Hill
82%
1961Phil Hill
81%
2014 | 2015Lewis Hamilton
81%
2012 | 2013Sebastian Vettel
80%
1951 | 1954 | 1955 | +2 othersJuan Manuel Fangio
79%
1998 | 1999Mika Häkkinen
79%
1992Nigel Mansell
78%
1982Keke Rosberg
74%
1976James Hunt
74%
1971 | 1973Jackie Stewart
72%
1969Jackie Stweard
69%
1997Jacques Villeneuve
68%
1981 | 1983 | 1987Nelson Piquet
63%
1952 | 1953Alberto Ascari
59%
1972 | 1974Emerson Fittipaldi
56%
1963 | 1965Jim Clark
55%
1959 | 1960 | 1966Jack Brabham
55%
1950Giuseppe Farina
48%
1980Alan Jones
47%
1978Mario Andretti
46%
1964John Surtees
43%
1970Jochen Rindt
42%
1979Jody Scheckter
42%
1958Mike Hawthorn
41%
1967Denny Hulme
35%

Score Distribution

Percentile by Number Answered

Percent of People with Each Score

Your Score History

You have not taken this quiz since the last reset